[Event "Wch-Blitz"]
[Site "Almaty KAZ"]
[Date "2022.12.29"]
[Round "10"]
[White "Pranav, V."]
[Black "Hansen, Eric"]
[Result "1/2-1/2"]
[WhiteElo "2440"]
[BlackElo "2568"]
[PlyCount "149"]
[GameId "2130307565394466"]
[EventDate "2022.12.29"]
[EventType "swiss (blitz)"]
[EventRounds "21"]
[EventCountry "KAZ"]
[SourceTitle "10 Days #709"]
[Source "ChessMix"]
[SourceDate "2023.01.01"]
[SourceVersion "1"]
[SourceVersionDate "2023.01.01"]
[SourceQuality "1"]

1. e4 e5 2. Nf3 Nc6 3. Bb5 a6 4. Ba4 Nf6 5. O-O Be7 6. d3 d6 7. c3 O-O 8. Nbd2 b5 9. Bc2 Nb8 10. Re1 Nbd7 11. Nf1 Re8 12. Ng3 Bb7 13. Nf5 Bf8 14. h3 d5 15. Qe2 c5 16. Nh2 Qc7 17. Ng4 c4 18. dxc4 bxc4 19. exd5 Bxd5 20. Bg5 Nxg4 21. Qxg4 Be6 22. Qg3 Kh8 23. Rad1 f6 24. Bc1 Nc5 25. Nh4 Rad8 26. f4 e4 27. Rxd8 Rxd8 28. Bxe4 Nxe4 29. Rxe4 Qc6 30. Re1 Rd3 31. Be3 Kg8 32. Qf2 Qa4 33. Bd4 Bd5 34. Nf5 Rd1 35. Kh2 Rxe1 36. Qxe1 Qd7 37. Ne3 Bf7 38. Qf1 Qa4 39. a3 Qb5 40. Qf2 Bd6 41. Kg1 h5 42. Qg3 Kf8 43. Qf3 Qxb2 44. Qa8+ Qb8 45. Qxa6 Bxf4 46. Nf1 Kg8 47. a4 Qb1 48. Qa8+ Kh7 49. Qf3 Bg5 50. a5 Qa1 51. Bb6 h4 52. Kh2 Qa3 53. Kg1 Bg6 54. Kh2 Qd6+ 55. Kg1 Qa3 56. Kh2 Qd6+ 57. Kg1 Qa3 58. Kh2 Qa1 59. Qf2 Qa4 60. Qf3 Qa1 61. Qf2 Qa3 62. Qf3 Qa2 63. Qd5 Qa3 64. Qxc4 Qd6+ 65. Kg1 Qd1 66. Qd4 Bd3 67. Qf2 Qa4 68. Be3 Qxa5 69. Bxg5 fxg5 70. Qd4 Qb5 71. Ne3 Qb1+ 72. Kf2 Qb2+ 73. Kg1 Qb1+ 74. Kh2 Qb8+ 75. Kg1 1/2-1/2

[Event "Wch-Blitz"]
[Site "Almaty KAZ"]
[Date "2022.12.29"]
[Round "11"]
[White "Hansen, Eric"]
[Black "Abdusattorov, Nodirbek"]
[Result "0-1"]
[WhiteElo "2568"]
[BlackElo "2666"]
[PlyCount "86"]
[GameId "2130307565398615"]
[EventDate "2022.12.29"]
[EventType "swiss (blitz)"]
[EventRounds "21"]
[EventCountry "KAZ"]
[SourceTitle "10 Days #709"]
[Source "ChessMix"]
[SourceDate "2023.01.01"]
[SourceVersion "1"]
[SourceVersionDate "2023.01.01"]
[SourceQuality "1"]

1. e4 c6 2. Nf3 d5 3. d3 Bg4 4. h3 Bxf3 5. Qxf3 e6 6. g3 Nd7 7. Bg2 Bc5 8. Qe2 Ne7 9. Nd2 O-O 10. O-O a5 11. a4 Re8 12. Kh1 e5 13. Nf3 Qb6 14. Kg1 Rad8 15. Nd2 f5 16. Nb3 Bd6 17. Bd2 Ra8 18. Bg5 f4 19. Qg4 Nf8 20. Kh1 d4 21. gxf4 exf4 22. Bxf4 Bxf4 23. Qxf4 Neg6 24. Qg3 Nd7 25. f4 Rf8 26. Kh2 Nf6 27. f5 Nh5 28. Qd6 Rf6 29. Qc5 Qc7+ 30. Kg1 Ngf4 31. Nxd4 Nxg2 32. e5 Nh4 33. Rae1 Rf7 34. Re3 Re8 35. e6 Rf6 36. Nb5 Qe7 37. Nd6 Ref8 38. Ne4 Qxc5 39. Nxc5 Nxf5 40. Re5 Nhg3 41. Rf3 Re8 42. Ne4 Nxe4 43. dxe4 Nd4 0-1

[Event "Wch-Blitz"]
[Site "Almaty KAZ"]
[Date "2022.12.29"]
[Round "12"]
[White "Agmanov, Zhandos"]
[Black "Hansen, Eric"]
[Result "1/2-1/2"]
[WhiteElo "2389"]
[BlackElo "2568"]
[PlyCount "51"]
[GameId "2130307565402757"]
[EventDate "2022.12.29"]
[EventType "swiss (blitz)"]
[EventRounds "21"]
[EventCountry "KAZ"]
[SourceTitle "10 Days #709"]
[Source "ChessMix"]
[SourceDate "2023.01.01"]
[SourceVersion "1"]
[SourceVersionDate "2023.01.01"]
[SourceQuality "1"]

1. d4 Nf6 2. c4 e6 3. Nf3 b6 4. a3 Bb7 5. Nc3 d5 6. cxd5 Nxd5 7. Qc2 Be7 8. e4 Nxc3 9. bxc3 Nd7 10. Bd3 c5 11. O-O O-O 12. d5 exd5 13. exd5 Nf6 14. c4 b5 15. Rd1 bxc4 16. Bxc4 Bd6 17. Bb2 h6 18. Rab1 Bc8 19. h3 Re8 20. Re1 Rxe1+ 21. Rxe1 Bb7 22. Rd1 Qe7 23. Re1 Qd8 24. Rd1 Qe7 25. Re1 Qd8 26. Rd1 1/2-1/2

[Event "Wch-Blitz"]
[Site "Almaty KAZ"]
[Date "2022.12.30"]
[Round "13"]
[White "Hansen, Eric"]
[Black "Bilguun, Sumiya"]
[Result "1-0"]
[WhiteElo "2568"]
[BlackElo "2365"]
[PlyCount "57"]
[GameId "2130307565406956"]
[EventDate "2022.12.29"]
[EventType "swiss (blitz)"]
[EventRounds "21"]
[EventCountry "KAZ"]
[SourceTitle "10 Days #709"]
[Source "ChessMix"]
[SourceDate "2023.01.01"]
[SourceVersion "1"]
[SourceVersionDate "2023.01.01"]
[SourceQuality "1"]

1. e4 c5 2. Nf3 d6 3. c3 Nf6 4. Be2 g6 5. O-O Bg7 6. Re1 O-O 7. Bf1 e5 8. h3 Nc6 9. d3 d5 10. Nbd2 Re8 11. exd5 Nxd5 12. Ne4 b6 13. Bg5 f6 14. Bh4 g5 15. Bg3 Bf5 16. Qa4 Rc8 17. d4 Bxe4 18. Rxe4 f5 19. Ree1 f4 20. Bh2 e4 21. Bb5 Qd6 22. Nxg5 e3 23. fxe3 Nxe3 24. Rxe3 Bxd4 25. cxd4 Rxe3 26. Qc4+ Kg7 27. Qf7+ Kh6 28. Bxf4 Qxd4 29. Qxh7# 1-0

[Event "Wch-Blitz"]
[Site "Almaty KAZ"]
[Date "2022.12.30"]
[Round "14"]
[White "Kadric, Denis"]
[Black "Hansen, Eric"]
[Result "1-0"]
[WhiteElo "2657"]
[BlackElo "2568"]
[PlyCount "103"]
[GameId "2130307565411117"]
[EventDate "2022.12.29"]
[EventType "swiss (blitz)"]
[EventRounds "21"]
[EventCountry "KAZ"]
[SourceTitle "10 Days #709"]
[Source "ChessMix"]
[SourceDate "2023.01.01"]
[SourceVersion "1"]
[SourceVersionDate "2023.01.01"]
[SourceQuality "1"]

1. e4 e5 2. Nf3 Nc6 3. Bc4 Bc5 4. O-O Nf6 5. d3 d6 6. c3 a6 7. Bb3 Ba7 8. Re1 O-O 9. h3 Ne7 10. Nbd2 Ng6 11. Nf1 c6 12. Ng3 Re8 13. d4 h6 14. Bc2 Be6 15. Be3 c5 16. Qd2 cxd4 17. cxd4 Rc8 18. a4 Qe7 19. Rac1 Red8 20. Bd3 Qe8 21. Qb4 exd4 22. Bxd4 Bxd4 23. Nxd4 Ne5 24. Bf1 Rb8 25. Ngf5 Qf8 26. Nxe6 fxe6 27. Nd4 Qe7 28. Qb3 Re8 29. f4 Nc6 30. Nf5 Qf8 31. Rcd1 d5 32. Ng3 Kh8 33. e5 Nd7 34. Qf3 Nc5 35. a5 Rbc8 36. Qf2 Nb3 37. Rd3 Nbxa5 38. f5 exf5 39. e6 f4 40. Rf3 g5 41. Nh5 Nc4 42. Nxf4 gxf4 43. Rxf4 Qg7 44. Rf7 Qd4 45. Qxd4+ Nxd4 46. e7 Nd6 47. Rf6 Rc6 48. Rxh6+ Kg7 49. Rh5 N4f5 50. Bd3 Rxe7 51. Rf1 Ne4 52. Rhxf5 1-0

[Event "Wch-Blitz"]
[Site "Almaty KAZ"]
[Date "2022.12.30"]
[Round "15"]
[White "Hansen, Eric"]
[Black "Aleksandrov, Aleksej"]
[Result "1-0"]
[WhiteElo "2568"]
[BlackElo "2391"]
[PlyCount "115"]
[GameId "2130307565415275"]
[EventDate "2022.12.29"]
[EventType "swiss (blitz)"]
[EventRounds "21"]
[EventCountry "KAZ"]
[SourceTitle "10 Days #709"]
[Source "ChessMix"]
[SourceDate "2023.01.01"]
[SourceVersion "1"]
[SourceVersionDate "2023.01.01"]
[SourceQuality "1"]

1. e4 e5 2. Nf3 Nc6 3. Bb5 Nf6 4. d3 d6 5. c3 g6 6. O-O Bg7 7. Re1 O-O 8. h3 Bd7 9. Ba4 Rb8 10. Nbd2 b5 11. Bc2 a5 12. a4 b4 13. Bb3 Qc8 14. Bc4 Be6 15. Bxe6 Qxe6 16. Qc2 d5 17. exd5 Qxd5 18. Ne4 Nxe4 19. dxe4 Qc4 20. Qe2 Qxe2 21. Rxe2 bxc3 22. bxc3 Rfd8 23. Bg5 f6 24. Be3 Bf8 25. Rd2 Rxd2 26. Nxd2 Kf7 27. Kf1 f5 28. f3 Ke6 29. Ke2 h5 30. Nc4 f4 31. Bf2 g5 32. Kd2 Be7 33. Kc2 g4 34. hxg4 hxg4 35. Rh1 g3 36. Rh6+ Kd7 37. Be1 Bd6 38. Rh7+ Ke6 39. Rh6+ Kd7 40. Bd2 Bc5 41. Rh7+ Kc8 42. Rh5 Bd6 43. Rh6 Kd7 44. Bc1 Ra8 45. Nxd6 cxd6 46. Ba3 Nd8 47. Rxd6+ Kc7 48. Rf6 Kd7 49. Rd6+ Kc7 50. Rg6 Kd7 51. Rg7+ Ke6 52. Rc7 Nf7 53. Rc6+ Kd7 54. Rf6 Nd8 55. Rf8 Rc8 56. Rg8 Rb8 57. Bc5 Rc8 58. Bb6 1-0

[Event "Wch-Blitz"]
[Site "Almaty KAZ"]
[Date "2022.12.30"]
[Round "16"]
[White "Vachier Lagrave, Maxime"]
[Black "Hansen, Eric"]
[Result "1-0"]
[WhiteElo "2771"]
[BlackElo "2568"]
[PlyCount "105"]
[GameId "2130307565423593"]
[EventDate "2022.12.29"]
[EventType "swiss (blitz)"]
[EventRounds "21"]
[EventCountry "KAZ"]
[SourceTitle "10 Days #709"]
[Source "ChessMix"]
[SourceDate "2023.01.01"]
[SourceVersion "1"]
[SourceVersionDate "2023.01.01"]
[SourceQuality "1"]

1. d4 d5 2. c4 c6 3. Nc3 Nf6 4. cxd5 cxd5 5. Bf4 Nc6 6. e3 Bg4 7. Qb3 Na5 8. Qc2 Rc8 9. h3 Bd7 10. Nf3 e6 11. Bd3 Bb4 12. O-O O-O 13. Rac1 h6 14. Qe2 Bxc3 15. bxc3 Nc4 16. Ne5 Bb5 17. Rb1 Nxe5 18. Bxe5 Bxd3 19. Qxd3 b6 20. Rfc1 Rc4 21. Rb4 Rc6 22. a4 Qe7 23. Bxf6 Qxf6 24. a5 Rfc8 25. axb6 axb6 26. Qa6 Qd8 27. Rb3 h5 28. g3 h4 29. g4 Qc7 30. Kg2 Rb8 31. Qd3 Rc8 32. f4 Qa7 33. Kf3 Qa2 34. Qc2 Qa6 35. g5 b5 36. Qe2 Rc4 37. Kg4 Qc6 38. Rcb1 Rxc3 39. Rxc3 Qxc3 40. Rxb5 Qc1 41. Kxh4 Qg1 42. Rb2 Ra8 43. Qf2 Qd1 44. f5 exf5 45. Qxf5 Qc1 46. Rf2 Rf8 47. g6 Qc6 48. gxf7+ Kh8 49. Qh5+ Qh6 50. Rf5 Kh7 51. Qxh6+ Kxh6 52. Kg4 g6 53. Rf6 1-0

[Event "Wch-Blitz"]
[Site "Almaty KAZ"]
[Date "2022.12.30"]
[Round "17"]
[White "Hansen, Eric"]
[Black "Vallejo Pons, Francisco"]
[Result "1-0"]
[WhiteElo "2568"]
[BlackElo "2644"]
[PlyCount "87"]
[GameId "2130307565423625"]
[EventDate "2022.12.29"]
[EventType "swiss (blitz)"]
[EventRounds "21"]
[EventCountry "KAZ"]
[SourceTitle "10 Days #709"]
[Source "ChessMix"]
[SourceDate "2023.01.01"]
[SourceVersion "1"]
[SourceVersionDate "2023.01.01"]
[SourceQuality "1"]

1. e4 e6 2. d4 d5 3. Nc3 Bb4 4. e5 c5 5. a3 Bxc3+ 6. bxc3 Ne7 7. h4 Qc7 8. Nf3 h6 9. Bd3 Nd7 10. O-O c4 11. Be2 Nb6 12. h5 Na4 13. Bd2 Bd7 14. Nh2 O-O-O 15. Ng4 Kb8 16. Rb1 Rc8 17. Rb4 a5 18. Rb1 Qd8 19. g3 Nf5 20. Bf3 Qf8 21. Qc1 Ka7 22. Bg2 Ne7 23. Re1 Bc6 24. Re3 Qg8 25. Rf3 Rf8 26. Qe1 Qh7 27. Rc1 Nb6 28. Bh3 Nf5 29. Rb1 Ba4 30. Rb2 Bc6 31. Rb1 Rhg8 32. Kh2 Na4 33. Rf4 Ne7 34. Qd1 Nc8 35. Rc1 Ka6 36. Qf3 Be8 37. Ne3 Nab6 38. Bxe6 fxe6 39. Rxf8 Bxh5 40. g4 Bg6 41. Rb1 h5 42. g5 Be4 43. Qf7 Bg6 44. Qxg8 1-0

[Event "Wch-Blitz"]
[Site "Almaty KAZ"]
[Date "2022.12.30"]
[Round "18"]
[White "Predke, Alexandr"]
[Black "Hansen, Eric"]
[Result "1-0"]
[WhiteElo "2616"]
[BlackElo "2568"]
[PlyCount "88"]
[GameId "2130307565431922"]
[EventDate "2022.12.29"]
[EventType "swiss (blitz)"]
[EventRounds "21"]
[EventCountry "KAZ"]
[SourceTitle "10 Days #709"]
[Source "ChessMix"]
[SourceDate "2023.01.01"]
[SourceVersion "1"]
[SourceVersionDate "2023.01.01"]
[SourceQuality "1"]

1. e4 e5 2. Nf3 Nc6 3. Bb5 a6 4. Ba4 Nf6 5. O-O Be7 6. d3 d6 7. c3 O-O 8. Re1 Re8 9. Nbd2 b5 10. Bb3 h6 11. Nf1 Bf8 12. Ng3 Na5 13. Bc2 c5 14. h3 Nc6 15. d4 cxd4 16. cxd4 exd4 17. Nxd4 Bb7 18. Bf4 Ne5 19. Ndf5 Rc8 20. Bb3 Qb6 21. Be3 Qc7 22. Rc1 Qb8 23. Bd4 Rxc1 24. Qxc1 Nd3 25. Qe3 Ne5 26. Qf4 Qd8 27. Rd1 Nfd7 28. Bc3 Qc7 29. Nh5 Kh7 30. Nfg3 Nc5 31. Bd5 Bxd5 32. Rxd5 Na4 33. Bd4 Nc5 34. Bxc5 dxc5 35. Nf5 Re6 36. Qg3 g6 37. Nf4 Re8 38. Ne3 Nc6 39. Nh5 Qxg3 40. Nf6+ Kh8 41. fxg3 Re6 42. Nd7 Be7 43. Nxc5 Bxc5 44. Rxc5 Nb4 1-0

[Event "Wch-Blitz"]
[Site "Almaty KAZ"]
[Date "2022.12.30"]
[Round "19"]
[White "Hansen, Eric"]
[Black "Averin, Nikolay"]
[Result "1-0"]
[WhiteElo "2568"]
[BlackElo "2231"]
[PlyCount "39"]
[GameId "2130307565436059"]
[EventDate "2022.12.29"]
[EventType "swiss (blitz)"]
[EventRounds "21"]
[EventCountry "KAZ"]
[SourceTitle "10 Days #709"]
[Source "ChessMix"]
[SourceDate "2023.01.01"]
[SourceVersion "1"]
[SourceVersionDate "2023.01.01"]
[SourceQuality "1"]

1. e4 c5 2. Nf3 d6 3. c3 Nf6 4. Be2 Nc6 5. d4 d5 6. exd5 Nxd5 7. c4 Nf6 8. d5 Nb8 9. Nc3 e6 10. O-O exd5 11. cxd5 Bd6 12. Bb5+ Kf8 13. Re1 a6 14. Bf1 h6 15. Nd2 Bf5 16. Nc4 Ng4 17. g3 g5 18. Qf3 Bc8 19. Ne4 Ne5 20. Qc3 1-0

[Event "Wch-Blitz"]
[Site "Almaty KAZ"]
[Date "2022.12.30"]
[Round "21"]
[White "Hansen, Eric"]
[Black "Isanzhulov, Arystan"]
[Result "1-0"]
[WhiteElo "2568"]
[BlackElo "2383"]
[PlyCount "109"]
[GameId "2130307565444404"]
[EventDate "2022.12.29"]
[EventType "swiss (blitz)"]
[EventRounds "21"]
[EventCountry "KAZ"]
[SourceTitle "10 Days #709"]
[Source "ChessMix"]
[SourceDate "2023.01.01"]
[SourceVersion "1"]
[SourceVersionDate "2023.01.01"]
[SourceQuality "1"]

1. e4 c5 2. Nf3 e6 3. b3 a6 4. Bb2 b5 5. a4 Bb7 6. e5 Qb6 7. Qe2 b4 8. d3 Ne7 9. Nbd2 Nd5 10. Nc4 Qd8 11. g3 Nc6 12. Bg2 Nc3 13. Bxc3 bxc3 14. O-O Nb4 15. Rfd1 Bd5 16. d4 Bxc4 17. Qxc4 Rc8 18. Qe2 Be7 19. h4 O-O 20. dxc5 Rxc5 21. Rd4 Rd5 22. Rad1 Kh8 23. Rxd5 Nxd5 24. Qxa6 Nb4 25. Qe2 Qc8 26. Rd4 Nc6 27. Rc4 Qa6 28. Bf1 Qa5 29. Qe3 Bb4 30. Bd3 Ne7 31. Qe4 g6 32. Rxb4 d5 33. exd6 Nf5 34. d7 Kg8 35. Rb5 Qa7 36. Rb7 Qc5 37. Kg2 Nd6 38. Qb4 Nxb7 39. Qxb7 Rd8 40. Bb5 h6 41. Qe4 Qc7 42. Qe5 Qb7 43. Qf6 Qa8 44. Bc6 Qb8 45. Ne5 Rf8 46. h5 gxh5 47. Bf3 Qd8 48. Qxd8 Rxd8 49. Bc6 Kg7 50. a5 Kf6 51. Nc4 h4 52. gxh4 Ke7 53. a6 f5 54. a7 Rg8+ 55. Kf1 1-0

[Event "Wch-Rapid"]
[Site "Almaty KAZ"]
[Date "2022.12.26"]
[Round "1"]
[White "Hansen, Eric"]
[Black "Uruci, Endrit"]
[Result "1-0"]
[WhiteElo "2579"]
[BlackElo "2353"]
[PlyCount "75"]
[GameId "2130307566008388"]
[EventDate "2022.12.26"]
[EventType "swiss (rapid)"]
[EventRounds "13"]
[EventCountry "KAZ"]
[SourceTitle "10 Days #709"]
[Source "ChessMix"]
[SourceDate "2023.01.01"]
[SourceVersion "1"]
[SourceVersionDate "2023.01.01"]
[SourceQuality "1"]

1. e4 c5 2. Nf3 Nc6 3. Bb5 g6 4. Bxc6 dxc6 5. d3 Bg7 6. h3 b6 7. O-O Nf6 8. Nc3 Nd7 9. Be3 e5 10. Qd2 O-O 11. Bh6 Re8 12. Bxg7 Kxg7 13. a3 Nf8 14. b4 Qf6 15. bxc5 Bxh3 16. Qe3 Bg4 17. Nh2 Bd7 18. cxb6 axb6 19. Qxb6 Ne6 20. Ne2 Reb8 21. Qe3 Qe7 22. Nf3 Rb5 23. a4 Rba5 24. Rfb1 Qd6 25. Nd2 Rxa4 26. Rxa4 Rxa4 27. Nc4 Qc7 28. Qc1 c5 29. Nc3 Nd4 30. Kh1 Rb4 31. Ra1 Be6 32. Ne3 Qd8 33. Qd2 Rb2 34. Ncd1 Qh4+ 35. Kg1 Qg5 36. Nf5+ Kf6 37. Qxg5+ Kxg5 38. Nxd4 1-0

[Event "Wch-Rapid"]
[Site "Almaty KAZ"]
[Date "2022.12.26"]
[Round "3"]
[White "Hansen, Eric"]
[Black "Makarian, Rudik"]
[Result "1-0"]
[WhiteElo "2579"]
[BlackElo "2466"]
[PlyCount "59"]
[GameId "2130307566020834"]
[EventDate "2022.12.26"]
[EventType "swiss (rapid)"]
[EventRounds "13"]
[EventCountry "KAZ"]
[SourceTitle "10 Days #709"]
[Source "ChessMix"]
[SourceDate "2023.01.01"]
[SourceVersion "1"]
[SourceVersionDate "2023.01.01"]
[SourceQuality "1"]

1. e4 d6 2. d4 Nf6 3. Nc3 e5 4. Nf3 Nbd7 5. Rg1 g6 6. g4 exd4 7. Nxd4 Bg7 8. f3 O-O 9. Bg5 a6 10. Qd2 c5 11. Nb3 Ne5 12. Be2 b5 13. O-O-O c4 14. Nd4 Bb7 15. a3 Qa5 16. Kb1 b4 17. axb4 Qxb4 18. Bxf6 Bxf6 19. Nd5 Qxd2 20. Nxf6+ Kg7 21. Nh5+ gxh5 22. gxh5+ Kf6 23. Rxd2 Rg8 24. Rg3 Rad8 25. f4 Nd7 26. Nc6 Bxc6 27. Rxd6+ Ke7 28. Rxc6 Nf6 29. Rc7+ Kf8 30. e5 1-0

[Event "Wch-Rapid"]
[Site "Almaty KAZ"]
[Date "2022.12.26"]
[Round "4"]
[White "Tologon Tegin, Semetei"]
[Black "Hansen, Eric"]
[Result "0-1"]
[WhiteElo "2319"]
[BlackElo "2579"]
[PlyCount "74"]
[GameId "2130307566025048"]
[EventDate "2022.12.26"]
[EventType "swiss (rapid)"]
[EventRounds "13"]
[EventCountry "KAZ"]
[SourceTitle "10 Days #709"]
[Source "ChessMix"]
[SourceDate "2023.01.01"]
[SourceVersion "1"]
[SourceVersionDate "2023.01.01"]
[SourceQuality "1"]

1. e4 c5 2. Nf3 e6 3. d4 cxd4 4. Nxd4 a6 5. Nc3 Qc7 6. Bd3 Nf6 7. O-O Bc5 8. Nb3 Be7 9. a4 b6 10. Bd2 Bb7 11. Qe2 Nc6 12. f4 d6 13. Rae1 O-O 14. e5 dxe5 15. fxe5 Nd7 16. Bf4 Nb4 17. Bxh7+ Kxh7 18. Qh5+ Kg8 19. Re3 Bc5 20. Nxc5 Qxc5 21. Kh1 Nf6 22. Qh4 Qc4 23. Rf2 Ne4 24. Rfe2 f5 25. Rh3 Rad8 26. Qh7+ Kf7 27. Rh6 Rd1+ 28. Nxd1 Qxe2 29. Qg6+ Ke7 30. Qxe6+ Kd8 31. Bg5+ Nxg5 32. Qd6+ Ke8 33. Re6+ Kf7 34. Re7+ Kg8 35. Rxg7+ Kxg7 36. Qe7+ Kg6 37. Qd6+ Kh5 0-1

[Event "Wch-Rapid"]
[Site "Almaty KAZ"]
[Date "2022.12.26"]
[Round "5"]
[White "Hansen, Eric"]
[Black "Mamedyarov, Shakhriyar"]
[Result "0-1"]
[WhiteElo "2579"]
[BlackElo "2746"]
[PlyCount "74"]
[GameId "2130307566029174"]
[EventDate "2022.12.26"]
[EventType "swiss (rapid)"]
[EventRounds "13"]
[EventCountry "KAZ"]
[SourceTitle "10 Days #709"]
[Source "ChessMix"]
[SourceDate "2023.01.01"]
[SourceVersion "1"]
[SourceVersionDate "2023.01.01"]
[SourceQuality "1"]

1. e4 e5 2. Nf3 Nc6 3. Bb5 a6 4. Ba4 Nf6 5. d3 b5 6. Bb3 Bc5 7. a4 Rb8 8. axb5 axb5 9. O-O O-O 10. h3 d6 11. Re1 h6 12. Be3 Bxe3 13. Rxe3 Ne7 14. c3 c5 15. d4 Ng6 16. Nbd2 Qe7 17. Nf1 Nf4 18. Ng3 g6 19. Qd2 Kg7 20. Bc2 b4 21. cxb4 cxb4 22. dxe5 dxe5 23. Bb3 Rd8 24. Qc2 Bxh3 25. gxh3 Rbc8 26. Qb1 Nxh3+ 27. Kg2 Nf4+ 28. Kg1 Ng4 29. Qf1 Nxe3 30. fxe3 Rd3 31. exf4 Rxb3 32. fxe5 Rxb2 33. Qh3 Rc3 34. Qg4 Qc5+ 35. Kh1 Rc1+ 36. Rxc1 Qxc1+ 37. Ng1 Qg5 0-1

[Event "chess.com SpeedChess Q2Sw"]
[Site "chess.com INT"]
[Date "2022.11.12"]
[Round "3"]
[White "Hansen, Eric"]
[Black "Odegov, Artem"]
[Result "1-0"]
[WhiteElo "2609"]
[BlackElo "2286"]
[PlyCount "71"]
[GameId "2130307567832680"]
[EventDate "2022.11.12"]
[EventType "swiss (blitz)"]
[EventRounds "14"]
[EventCountry "NET"]
[SourceTitle "The Week in Chess 1462"]
[Source "Mark Crowther"]
[SourceDate "2022.11.14"]
[SourceVersion "1"]
[SourceVersionDate "2022.11.14"]
[SourceQuality "2"]

1. d4 d5 2. c4 e6 3. Nc3 c5 4. e3 Nc6 5. Nf3 Nf6 6. cxd5 exd5 7. Bb5 Be7 8. O-O O-O 9. dxc5 Bxc5 10. h3 d4 11. Bxc6 dxc3 12. Ba4 Qa5 13. Qc2 b5 14. Bb3 b4 15. bxc3 bxc3 16. Ne5 Ba6 17. Rd1 Rac8 18. Rb1 Bb6 19. Nf3 Bb7 20. Qe2 Be4 21. Ra1 Rfd8 22. Rxd8+ Rxd8 23. Nd4 Qg5 24. f3 Ba8 25. Qc4 Bd5 26. Qxc3 Qg3 27. Nf5 Qg5 28. Qe5 Bxb3 29. Ne7+ Kf8 30. Qxg5 Kxe7 31. Ba3+ Ke6 32. axb3 Rd3 33. Bc5 Bc7 34. Bd4 Nd5 35. Ra6+ Kd7 36. Qf5+ 1-0

[Event "chess.com SpeedChess Q2Sw"]
[Site "chess.com INT"]
[Date "2022.11.12"]
[Round "4"]
[White "Aradhya, Garg"]
[Black "Hansen, Eric"]
[Result "0-1"]
[WhiteElo "2289"]
[BlackElo "2609"]
[PlyCount "90"]
[GameId "2130307567832704"]
[EventDate "2022.11.12"]
[EventType "swiss (blitz)"]
[EventRounds "14"]
[EventCountry "NET"]
[SourceTitle "The Week in Chess 1462"]
[Source "Mark Crowther"]
[SourceDate "2022.11.14"]
[SourceVersion "1"]
[SourceVersionDate "2022.11.14"]
[SourceQuality "2"]

1. d4 Nf6 2. Nf3 g6 3. Bg5 Bg7 4. Nbd2 d5 5. e3 O-O 6. Bd3 Nc6 7. c3 Re8 8. O-O e5 9. e4 exd4 10. cxd4 dxe4 11. Nxe4 Bf5 12. Re1 Bxe4 13. Rxe4 Qd5 14. Bxf6 Bxf6 15. Rf4 Kg7 16. h4 Qd6 17. Qd2 Qb4 18. Qc1 Qd6 19. Bc4 Re7 20. h5 Nxd4 21. hxg6 fxg6 22. Nxd4 Bxd4 23. Rh4 h5 24. Qd2 c5 25. Re1 Rf8 26. Rxe7+ Qxe7 27. Rxd4 cxd4 28. Qxd4+ Kh6 29. Qxa7 Qe1+ 30. Kh2 Qxf2 31. Qxf2 Rxf2 32. b4 Rb2 33. Bb3 g5 34. Kg3 b6 35. b5 g4 36. Bc4 Kg5 37. Kh2 h4 38. Kg1 Kf4 39. Kh2 h3 40. Bf1 Rxa2 41. Kg1 Kg3 42. gxh3 gxh3 43. Kh1 Ra1 44. Kg1 h2+ 45. Kh1 Rxf1# 0-1

[Event "chess.com SpeedChess Q2Sw"]
[Site "chess.com INT"]
[Date "2022.11.12"]
[Round "6"]
[White "Hansen, Eric"]
[Black "Talibov, Shiroghlan"]
[Result "0-1"]
[WhiteElo "2609"]
[BlackElo "2316"]
[PlyCount "64"]
[GameId "2130307567836859"]
[EventDate "2022.11.12"]
[EventType "swiss (blitz)"]
[EventRounds "14"]
[EventCountry "NET"]
[SourceTitle "The Week in Chess 1462"]
[Source "Mark Crowther"]
[SourceDate "2022.11.14"]
[SourceVersion "1"]
[SourceVersionDate "2022.11.14"]
[SourceQuality "2"]

1. d4 Nf6 2. c4 e6 3. Nc3 Bb4 4. e3 d5 5. Qa4+ Nc6 6. Nf3 O-O 7. Bd3 dxc4 8. Bxc4 Bd6 9. Qc2 e5 10. h3 Re8 11. O-O h6 12. a3 e4 13. Nd2 Qe7 14. f3 exf3 15. Nxf3 a6 16. e4 Nxd4 17. Nxd4 Qe5 18. Rd1 Qh2+ 19. Kf1 b5 20. Nf3 Qg3 21. Ne2 Qg6 22. Bd3 Nxe4 23. Bf4 Bb7 24. Bxd6 cxd6 25. Kg1 Rac8 26. Nc3 d5 27. Bxe4 dxe4 28. Nd4 f5 29. Qe2 f4 30. Qg4 Qf6 31. Nf5 Kh7 32. Rd6 Qe5 0-1

[Event "chess.com SpeedChess Q2Sw"]
[Site "chess.com INT"]
[Date "2022.11.12"]
[Round "7"]
[White "Shuvalova, Polina"]
[Black "Hansen, Eric"]
[Result "1-0"]
[WhiteElo "2492"]
[BlackElo "2609"]
[PlyCount "135"]
[GameId "2130307567840992"]
[EventDate "2022.11.12"]
[EventType "swiss (blitz)"]
[EventRounds "14"]
[EventCountry "NET"]
[SourceTitle "The Week in Chess 1462"]
[Source "Mark Crowther"]
[SourceDate "2022.11.14"]
[SourceVersion "1"]
[SourceVersionDate "2022.11.14"]
[SourceQuality "2"]

1. d4 Nf6 2. Nf3 g6 3. c4 Bg7 4. Nc3 d5 5. e3 O-O 6. cxd5 Nxd5 7. Bc4 Nb6 8. Bb3 N8d7 9. O-O e5 10. h3 c6 11. a3 Qe7 12. Qc2 exd4 13. exd4 Nf6 14. Re1 Qd6 15. Bg5 Bf5 16. Qd2 Nfd5 17. Rad1 a5 18. Bh6 Rfe8 19. Bxg7 Kxg7 20. Ne5 f6 21. Nc4 Nxc4 22. Bxc4 Nxc3 23. Qxc3 Rxe1+ 24. Rxe1 b6 25. Qe3 Rd8 26. g4 Bc8 27. Qe7+ Qxe7 28. Rxe7+ Kh8 29. Rc7 Bd7 30. f4 Be8 31. Re7 h6 32. Kf2 g5 33. f5 h5 34. Ke3 hxg4 35. hxg4 c5 36. d5 a4 37. Ba6 Kg8 38. Ke4 Kf8 39. Rh7 Bf7 40. Bb7 Kg8 41. Rh6 Kg7 42. Rh2 Re8+ 43. Kd3 b5 44. Bc6 Re5 45. d6 Be8 46. Bxe8 Rxe8 47. Kc3 Rd8 48. Rd2 Kf7 49. Rd5 Rd7 50. Rxc5 Rxd6 51. Rxb5 Rd1 52. Rb7+ Ke8 53. Rb4 Rc1+ 54. Kd2 Rg1 55. Rxa4 Kd7 56. Rd4+ Kc6 57. Kc3 Rg3+ 58. Kc4 Rg2 59. b4 Rc2+ 60. Kb3 Rf2 61. a4 Rf4 62. Kc4 Rf1 63. b5+ Kc7 64. a5 Ra1 65. a6 Ra4+ 66. Kc5 Ra1 67. b6+ Kc8 68. a7 1-0

[Event "chess.com SpeedChess Q2Sw"]
[Site "chess.com INT"]
[Date "2022.11.12"]
[Round "8"]
[White "Costello, Alexander"]
[Black "Hansen, Eric"]
[Result "0-1"]
[WhiteElo "2224"]
[BlackElo "2609"]
[PlyCount "70"]
[GameId "2130307567841000"]
[EventDate "2022.11.12"]
[EventType "swiss (blitz)"]
[EventRounds "14"]
[EventCountry "NET"]
[SourceTitle "The Week in Chess 1462"]
[Source "Mark Crowther"]
[SourceDate "2022.11.14"]
[SourceVersion "1"]
[SourceVersionDate "2022.11.14"]
[SourceQuality "2"]

1. e4 c5 2. Nf3 e6 3. b3 d6 4. d4 cxd4 5. Nxd4 Nf6 6. Bd3 Nbd7 7. O-O Nc5 8. Re1 Be7 9. Bb2 O-O 10. Nc3 a6 11. a4 Qc7 12. Qd2 b6 13. Bf1 Bb7 14. f3 Rfd8 15. Rad1 Rac8 16. Kh1 h5 17. Nce2 d5 18. e5 Nfd7 19. Nf4 Bg5 20. g3 Nxe5 21. Ndxe6 Nxe6 22. Bxe5 Qxc2 23. Qb4 Bxf4 24. gxf4 Qf2 25. Bg2 Rc2 26. Rg1 Qc5 27. Qe1 Qf2 28. f5 Ng5 29. Bd4 Qxe1 30. Rdxe1 f6 31. Re7 Bc8 32. f4 Kf8 33. Ra7 Ne4 34. Bxb6 Re8 35. Bf3 Bxf5 0-1